000 006340000a22002170004500
003 LK-CoMWRAF
005 20231102153224.0
008 230817t ||||| |||| 00| 0 eng d
020 _a0399503811
040 _aLK-CoMWRAF
_dLK-CoMWRAF
_eLK-CoMWRAF
041 _aeng
082 _a376.94
_bSTO
100 _aStock, Phyllis
245 _aBetter than Rubies:
_ba history of women's education
260 _aNew York:
_bCapricorn Books,
_c1978
300 _a252 p. ; 23 cm.
_bBibliography and index included
650 _aWOMEN-Education
650 _aWomen-Education-Europe
650 _aWomen-Education-United States
942 _cBK
999 _c1575
_d1575